Effectif de l'OL en 2021 - Statistiques

Statistiques générales
  • Ce quiz a été pris 353 fois
    350 depuis la dernière actualisation
  • Le résultat moyen est 14 sur 26
Statistiques - réponses
Réponse % Correct
Anthony Lopes
98%
Houssem Aouar
84%
Maxence Caqueret
79%
Jason Denayer
78%
Karl Toko Ekambi
75%
Léo Dubois
75%
Lucas Paqueta
74%
Marcelo
74%
Memphis Depay
73%
Rudi Garcia
68%
Rayan Cherki
63%
Malo Gusto
62%
Thiago Mendes
60%
Maxwel Cornet
59%
Bruno Guimaraes
58%
Julian Pollersbeck
58%
Tino Kadewere
54%
Malcolm Barcola
48%
Sinaly Diomandé
45%
Melvin Bard
35%
Florent Da Silva
31%
Islam Slimani
29%
Mattia de Sciglio
24%
Djamel Benlamri
13%
Cenk Özkacar
5%
Yaya Soumare
5%
Aucun quiz correspondant
Distribution des résultats
% des personnes avec chaque résultat
Percentile par nombre de réponses
Votre historique - résultats
Vous n’avez pas pris ce quiz depuis la dernière actualisation